| 000 | 00947cam a2200265 a 4500 | ||
|---|---|---|---|
| 001 | 674216 | ||
| 003 | NUST - PNEC | ||
| 005 | 20170116181145.0 | ||
| 008 | 950329s1995 paua b 001 0 eng | ||
| 010 | _a 95060698 | ||
| 020 | _a1566763029 | ||
| 040 | _cLIBRARY | ||
| 050 | 0 | 0 |
_aTD756 _b.E28 1995 |
| 082 | 0 | 0 |
_a628.354 _220 |
| 100 | 1 |
_aEckenfelder, W. Wesley _q(William Wesley), _d1926-2010. |
|
| 245 | 1 | 0 |
_aActivated sludge treatment of industrial wastewater / _cW. Wesley Eckenfelder, Jack L. Musterman. |
| 260 |
_aLancaster, Penn. : _bTechnomic Pub. Co., _cc1995. |
||
| 300 |
_axiv, 281 p. : _bill. ; _c24 cm. |
||
| 504 | _aIncludes bibliographical references (p. 275-277) and index. | ||
| 650 | 0 | _aSewage | |
| 650 | 0 |
_aFactory and trade waste _xIME |
|
| 906 |
_a7 _bcbc _corignew _d2 _eopcn _f19 _gy-gencatlg |
||
| 942 |
_2ddc _cBK |
||
| 999 |
_c70671 _d70671 |
||